Indicadores centinela para el plan de Bolonia (Record no. 176440)
[ view plain ]
| 000 -CABECERA | |
|---|---|
| campo de control de longitud fija | 01929nab a2200301 a 4500 |
| 005 - FECHA Y HORA DE LA ÚLTIMA TRANSACCIÓN | |
| campo de control | 20210219162443.0 |
| 008 - ELEMENTOS DE LONGITUD FIJA--INFORMACIÓN GENERAL | |
| campo de control de longitud fija | 991125s1985 mx 000 0 spa u |
| 035 ## - NÚMERO DE CONTROL DEL SISTEMA | |
| Número de control de sistema | UPN01000204339 |
| 049 ## - COLECCIÓN | |
| Colección | ART |
| 100 1# - ASIENTO PRINCIPAL--NOMBRE PERSONAL | |
| Nombre de persona | Alvarez Suárez, Alberto |
| 100 1# - ASIENTO PRINCIPAL--NOMBRE PERSONAL | |
| Filiación | suarez@uniovi.es |
| 100 1# - ASIENTO PRINCIPAL--NOMBRE PERSONAL | |
| Nombre de persona | González García, Julio Antonio |
| 100 1# - ASIENTO PRINCIPAL--NOMBRE PERSONAL | |
| Nombre de persona | Alonso Alvarez, Javier |
| 100 1# - ASIENTO PRINCIPAL--NOMBRE PERSONAL | |
| Nombre de persona | Arias Pérez, Jorge Luis |
| 222 #0 - TÍTULO CLAVE | |
| Título clave | REVISTA DE INVESTIGACION EDUCATIVA |
| 245 00 - MENCIÓN DE TÍTULO | |
| Título | Indicadores centinela para el plan de Bolonia |
| 260 ## - PUBLICACIÓN, DISTRIBUCIÓN, ETC. | |
| Lugar de publicación, distribución, etc. | Murcia, España |
| 300 ## - DESCRIPCIÓN FÍSICA | |
| Extensión | 327-338 |
| 362 0# - FECHAS DE PUBLICACIÓN Y/O DESIGNACIÓN SECUENCIAL | |
| Fecha de publicación y/o designación secuencial | 2014 Volumen 32, número 2, junio |
| 520 ## - NOTA DE RESUMEN, ETC. | |
| Sumario, etc. | El objeto de nuestro estudio es analizar la influencia que tienen las nuevas metodologías docentes sobre la presentación de los estudiantes a las pruebas de evaluación planificadas en los Grados en una Escuela de Ingeniería Universitaria. Se han comparado los resultados de la tasa de expectativa de los antiguos y nuevos títulos; éstos últimos adaptados al Espacio Europeo de Educación Superior (EEES). Desde el punto de vista estadístico, nuestro estudio ratifica que existen diferencias significativas en la mejora de la tasa de expectativa con la adaptación al EEES. Las conclusiones más destacadas del estudio hacen referencia al cambio que se está produciendo en la mentalidad del estudiante, se evidencia una mejora del estudiante en el conocimiento adquirido sobre las asignaturas que repercute en que se pueda presentar a las pruebas de evaluación planteadas, es decir el estudiante de Bolonia asume un grado superior de responsabilidad |
| 653 0# - TERMINO DE INDIZACION - NO CONTROLADO | |
| Término no controlado | EDUCACION SUPERIOR |
| 653 0# - TERMINO DE INDIZACION - NO CONTROLADO | |
| Término no controlado | RENDIMIENTO ACADEMICO |
| 653 0# - TERMINO DE INDIZACION - NO CONTROLADO | |
| Término no controlado | EXITO ACADEMICO |
| 653 0# - TERMINO DE INDIZACION - NO CONTROLADO | |
| Término no controlado | EVALUACION EDUCATIVA |
| 856 4# - LOCALIZACIÓN Y ACCESO ELECTRÓNICOS | |
| Identificador Uniforme del Recurso | <a href="file:///C:/Users/HP/Downloads/Indicadores%20centinela%20para%20el%20plan%20de%20Bolonia.pdf">file:///C:/Users/HP/Downloads/Indicadores%20centinela%20para%20el%20plan%20de%20Bolonia.pdf</a> |
| 856 4# - LOCALIZACIÓN Y ACCESO ELECTRÓNICOS | |
| Identificador Uniforme del Recurso | <a href="http://www.redalyc.org/articulo.oa?id=283331396004">http://www.redalyc.org/articulo.oa?id=283331396004</a> |
| 905 ## - TIPO DE MATERIAL | |
| Tipo de material | Articulo |
No items available.
